000 00878nam a2200289 i 4500
003 EG-GICUC
005 20260512133112.0
008 260512s1992 fr ||||fr|||| 00| 0 fre d
020 _a2275003487
040 _aEG-GiCUC
_bfre
_cEG-GiCUC
_dEG-GiCUC
_eRda
082 0 4 _221
_a345.043
_bMA . M
092 0 4 _221
099 _aLaw1 07 345.043 MA . M 1992
100 1 _aMaurer,Hartmut
_eAuteur
245 1 0 _aManuel Droit Administratif Allemand/
_cHartmut Maurer.
_b
_n
264 1 _aParis :
_bL.G.D.J,
_c1992.
300 _a421 page :
_c 24 cm.
336 _2rda contenu
_a texte
337 _2rda medias
_aOrdinateur
338 _2 transporteur rda
_a Ressource en ligne
546 _aTexte en français
650 1 4 _aDroit Administratif
_2
651 1 _2
856 4 0 _uhttps://fll.law.cu.edu.eg/fulltext/bks/B07-06046.pdf
905 _a59
942 _2ddc
_cBK
_e21
_n0
999 _c76674
_d76674